Southville International School and Colleges
Your cart is empty.
  • Cart
  • Lists
    Public lists Eva Luna New books Lux_list list_1
    Your lists Log in to create your own lists
  • Log in to your account
  • Your cookies
  • Search history
Southville International School and Colleges
  • Advanced search
  • Recent comments
  • Most popular
  • Libraries

Log in to your account

Log in with GOOGLE


If you do not have an external account, but do have a local account, you can still log in:

  1. Home
  2. MARC view: You wouldn't want to be an Egyptian mummy /
Normal view MARC view ISBD view

You wouldn't want to be an Egyptian mummy / (Record no. 42073)

[ view plain ]
MARC details
000 -LEADER
fixed length control field 00576nam a2200217Ia 4500
003 - CONTROL NUMBER IDENTIFIER
control field OSt
005 - DATE AND TIME OF LATEST TRANSACTION
control field 20140320103815.0
008 - FIXED-LENGTH DATA ELEMENTS--GENERAL INFORMATION
fixed length control field 140130s9999 xx 000 0 und d
020 ## - INTERNATIONAL STANDARD BOOK NUMBER
International Standard Book Number 043928368X
050 ## - LIBRARY OF CONGRESS CALL NUMBER
Classification number DT 62.M7
Item number .St833 2001
100 ## - MAIN ENTRY--PERSONAL NAME
Personal name Stewart, David.
245 ## - TITLE STATEMENT
Statement of responsibility, etc David Stewart.
Title You wouldn't want to be an Egyptian mummy /
260 ## - PUBLICATION, DISTRIBUTION, ETC. (IMPRINT)
Name of publisher, distributor, etc Scholastic Inc.,
Date of publication, distribution, etc c2001.
Place of publication, distribution, etc USA :
300 ## - PHYSICAL DESCRIPTION
Extent 32 p. :
Other physical details col. ill. ;
Dimensions 21 cm.
440 ## - SERIES STATEMENT/ADDED ENTRY--TITLE
Volume number/sequential designation 1
521 ## - TARGET AUDIENCE NOTE
Target audience note
526 ## - STUDY PROGRAM INFORMATION NOTE
Reading level 700
650 ## - SUBJECT ADDED ENTRY--TOPICAL TERM
Topical term or geographic name as entry element Mummies
General subdivision Egypt
-- Juvenile literature.
942 ## - ADDED ENTRY ELEMENTS (KOHA)
Koha item type Books
Source of classification or shelving scheme Library of Congress Classification
Holdings
Withdrawn status Lost status Source of classification or shelving scheme Damaged status Home library Current library Shelving location Date acquired Total Checkouts Full call number Barcode Date last seen Copy number Koha item type Price effective from
    Library of Congress Classification   Munich Library Munich Library Scholastic Reading Center Section 01/30/2014   DT 62.M7 .St833 2001 MS2324 01/30/2014 1 Books  
    Library of Congress Classification   Munich Library Munich Library Scholastic Reading Center Section 03/20/2014   DT 62.M7 .St833 2001 MS2330 03/20/2014 2 Books 03/20/2014
    Library of Congress Classification   Munich Library Munich Library Scholastic Reading Center Section 03/20/2014   DT 62.M7 .St833 2001 MS2331 03/20/2014 3 Books 03/20/2014

You wouldn't want to be an Egyptian mummy /

APA

Stewart D., . (2001). You wouldn't want to be an Egyptian mummy. USA: Scholastic Inc.

Chicago

Stewart David, . 2001. You wouldn't want to be an Egyptian mummy. USA: Scholastic Inc.

Harvard

Stewart D., . (2001). You wouldn't want to be an Egyptian mummy. USA: Scholastic Inc.

MLA

Stewart David, . You wouldn't want to be an Egyptian mummy. USA: Scholastic Inc. 2001.

  • Place hold
  • Print
  • Cite
  • Add to your cart (remove)
  • Save record
    BIBTEX Dublin Core MARCXML MARC (non-Unicode/MARC-8) MARC (Unicode/UTF-8) MARC (Unicode/UTF-8, Standard) MODS (XML) RIS
  • More searches
    Search for this title in:
    Other Libraries (WorldCat) Other Databases (Google Scholar) Online Stores (Bookfinder.com) Open Library (openlibrary.org)

Exporting to Dublin Core...

SOUTHVILLE LIBRARY

Southville International School and Colleges Library

1281 Tropical Ave. Cor. Luxembourg St., BF Homes International, Las Pinas City

Tel. No. 8256374 / 252358 Loc. 117/146

Powered by Koha